Statistics for Robert E. Lee Quiz

Click here to take the quiz!

General Stats

  • This quiz has been taken 45 times
  • The average score is 5 of 9

Answer Stats

HintAnswer% Correct
What was Robert E. Lee's Middle Name?Edward
86%
How many Children did he have?Seven
83%
What state did Lee die in?Virginia
78%
Where did he go to College?West Point
61%
Where did he surrender to end the Civil War?Appomattox Court House
50%
His mansion is currently part of what national landmark?Arlington National Cemetery
47%
Where did he die?Lexington
28%
What was his wife's name?Mary Anna
22%
What was his nickname?Traveller
8%

Score Distribution

Percentile by Number Answered

Percent of People with Each Score

Your Score History

You have not taken this quiz